000
00479nam a2200145Ia 4500
008
100204s9999 xx 000 0 und d
082
_b
16100
100
_a
गंब्रे चंद्र्रहास
245
_a
चंदुची बायको
260
_b
"संगीता प्रकाशन, मालाड"
_c
1988
300
_a
112
630
_a
चंदुची बायको
730
_a
चंदुची बायको
942
_c
BOOK
999
_c
460523
_d
460520